000 00409nam a2200157 i 4500
001 bg
100 1 _aMURASZKIEWICZ, M.
245 0 _aElementy teorii systemów informacyjnych /
_cM. Muraszkiewicz, Z. Pawlak, H. Rybiński.
260 _aWarszawa,
_c1985.
700 1 _aPAWLAK, Z.
700 1 _aRYBIŃSKI, H.
040 _cBPK
041 _apol
942 _cKS
008 s pl f |000 0 pol
999 _c23030
_d23030
856 _uhttp://koha.tu.koszalin.pl/cgi-bin/koha/opac-detail.pl?biblionumber=23030
_yKatalog online BPK